[Event "Deutsche Ländermeisterschaft 2016"]
[Site "Hannover GER"]
[Date "2016.10.02"]
[Round "2"]
[White "Huppert, Anna"]
[Black "Kieckbusch, Lotta"]
[Result "1/2-1/2"]
[Termination "normal"]
[Board "8.8"]
[WhiteElo "1066"]
[BlackElo "1286"]
[WhiteTeam "SG Saarland / Rheinland-Pfalz"]
[BlackTeam "Hamburg"]
[PlyCount "142"]
[WhiteFideId "16214439"]
[BlackFideId "16214390"]
[EventCountry "GER"]
[EventRounds "7"]
[EventType "team-swiss"]
[EventDate "2016.09.30"]

1. e4 c6 2. d4 d5 3. e5 Bf5 4. Nf3 e6 5. Nc3 Nd7 6. Bd3 Bg6 7. O-O Rc8 8. Re1
c5 9. Nb5 a6 10. Nd6+ Bxd6 11. exd6 c4 12. Bxg6 hxg6 13. c3 Ngf6 14. Bg5 Qb6
15. Bxf6 Nxf6 16. Qa4+ Kf8 17. d7 Rd8 18. Ne5 Qc7 19. Qb4+ Kg8 20. Qe7 Rf8 21.
d8=Q Qxd8 22. Qxd8 Rxd8 23. b3 Rc8 24. Rec1 Rc7 25. bxc4 dxc4 26. Rab1 b5 27.
Nf3 Nd5 28. a3 Nf4 29. Rc2 Rb7 30. a4 Rh5 31. Ra2 Rb8 32. Kf1 g5 33. g4 Rh3 34.
Nxg5 Rxh2 35. Kg1 Rg2+ 36. Kf1 Rxg4 37. Nf3 Nd5 38. Rc1 Rf4 39. Ke2 bxa4 40.
Rxa4 Rb2+ 41. Nd2 Rb6 42. Nxc4 Rc6 43. f3 f6 44. Rc2 e5 45. Rc1 Kh7 46. Rh1+
Kg6 47. Rg1+ Kh5 48. Rh1+ Rh4 49. Rxh4+ Kxh4 50. Kd3 exd4 51. cxd4 g5 52. Nd2
g4 53. fxg4 Kxg4 54. Ne4 f5 55. Nf2+ Kf3 56. Nh3 Kg2 57. Ng5 f4 58. Ra5 Nb4+
59. Ke4 Rf6 60. Nf3 Kg3 61. Ra4 Nd3 62. Kxd3 Kxf3 63. Ra3 Kg4 64. Ke2 f3+ 65.
Kf2 Rf4 66. d5 Rf6 67. Rd3 Rd6 68. Rd4+ Kf5 69. Kxf3 Ke5 70. Ke3 a5 71. Kd3
Rxd5 1/2-1/2

[Event "Deutsche Ländermeisterschaft 2016"]
[Site "Hannover GER"]
[Date "2016.10.02"]
[Round "2"]
[White "Müller, Nick"]
[Black "Grigorian, Spartak"]
[Result "1/2-1/2"]
[Termination "normal"]
[Board "9.1"]
[WhiteElo "2197"]
[BlackElo "2293"]
[WhiteTeam "Mecklenburg-Vorpommern"]
[BlackTeam "Bremen & Friends"]
[PlyCount "52"]
[WhiteFideId "24692093"]
[BlackFideId "24661490"]
[EventCountry "GER"]
[EventRounds "7"]
[EventType "team-swiss"]
[EventDate "2016.09.30"]

1. d4 Nf6 2. c4 e6 3. Nc3 Bb4 4. Qc2 b6 5. a3 Bxc3+ 6. Qxc3 Bb7 7. Bg5 h6 8.
Bh4 g5 9. Bg3 Ne4 10. Qc2 d6 11. e3 Nd7 12. f3 Nxg3 13. hxg3 h5 14. Bd3 Qf6 15.
Be4 Bxe4 16. Qxe4 Ke7 17. Ne2 Qg6 18. Qc6 h4 19. g4 Qc2 20. b4 a5 21. c5 Rhc8
22. Kf2 d5 23. Rhc1 Qb2 24. Rcb1 Qc2 25. Rc1 Qb2 26. Rcb1 Qc2 1/2-1/2

[Event "Deutsche Ländermeisterschaft 2016"]
[Site "Hannover GER"]
[Date "2016.10.02"]
[Round "2"]
[White "Kardoeus, David"]
[Black "Schmekel, Florian"]
[Result "1/2-1/2"]
[Termination "normal"]
[Board "9.2"]
[WhiteElo "2168"]
[BlackElo "1994"]
[WhiteTeam "Bremen & Friends"]
[BlackTeam "Mecklenburg-Vorpommern"]
[PlyCount "118"]
[WhiteFideId "12912050"]
[BlackFideId "12913456"]
[EventCountry "GER"]
[EventRounds "7"]
[EventType "team-swiss"]
[EventDate "2016.09.30"]

1. e4 c5 2. Nf3 Nc6 3. d4 cxd4 4. Nxd4 g6 5. c4 Nf6 6. Nc3 d6 7. Be2 Nxd4 8.
Qxd4 Bg7 9. Be3 O-O 10. Qd2 Be6 11. O-O Qa5 12. Rac1 a6 13. b3 Rfc8 14. Bf3 Rc7
15. Nd5 Qxd2 16. Bxd2 Bxd5 17. exd5 Nd7 18. Rfe1 Kf8 19. Be3 f5 20. b4 b6 21.
Rc2 a5 22. a3 axb4 23. axb4 Rca7 24. g4 Ra1 25. Rxa1 Rxa1+ 26. Kg2 Ra4 27. gxf5
gxf5 28. Be2 Rxb4 29. Bd3 Ne5 30. Bxf5 Nxc4 31. Bc1 b5 32. Bxh7 Bb2 33. Bh6+
Bg7 34. Bc1 Bb2 35. Bh6+ Bg7 36. Bg5 Bf6 37. Bxf6 exf6 38. Bf5 Rb2 39. Rc3 Rd2
40. Rd3 b4 41. Rb3 Rxd5 42. Rxb4 Rxf5 43. Rxc4 Ke7 44. f4 Rc5 45. Rd4 Ke6 46.
Kg3 Kf5 47. Rxd6 Rc3+ 48. Kh4 Rf3 49. Ra6 Rxf4+ 50. Kh5 Rf2 51. h3 Rg2 52. h4
Rg8 53. Ra5+ Kf4 54. Ra4+ Kg3 55. Ra3+ Kf4 56. Rh3 Rh8+ 57. Kg6 Kg4 58. Rh1
Rxh4 59. Rxh4+ Kxh4 1/2-1/2

[Event "Deutsche Ländermeisterschaft 2016"]
[Site "Hannover GER"]
[Date "2016.10.02"]
[Round "2"]
[White "Lange, Jannis"]
[Black "Wachinger, Nikolas"]
[Result "1-0"]
[Termination "normal"]
[Board "9.3"]
[WhiteElo "1849"]
[BlackElo "1646"]
[WhiteTeam "Mecklenburg-Vorpommern"]
[BlackTeam "Bremen & Friends"]
[PlyCount "163"]
[WhiteFideId "12993107"]
[BlackFideId "12962791"]
[EventCountry "GER"]
[EventRounds "7"]
[EventType "team-swiss"]
[EventDate "2016.09.30"]

1. Nf3 Nf6 2. d4 g6 3. c4 Bg7 4. Nc3 O-O 5. e4 d6 6. Be2 e5 7. O-O Nc6 8. dxe5
dxe5 9. Bg5 Nd4 10. Nxe5 Ne6 11. Qxd8 Rxd8 12. Bh4 Rd2 13. Nf3 Rxb2 14. Rab1
Rc2 15. Rfc1 Rxc1+ 16. Rxc1 Nc5 17. Nd2 c6 18. f3 Be6 19. Nb3 Nxb3 20. axb3 Bh6
21. Rd1 Be3+ 22. Bf2 Bxf2+ 23. Kxf2 Nd7 24. f4 f5 25. e5 Kf7 26. Ke3 Ke7 27.
Rd6 Nb6 28. g3 a5 29. Na4 Nxa4 30. bxa4 Rd8 31. Rxd8 Kxd8 32. Kd4 Kc7 33. Bd3
b6 34. Kc3 c5 35. Be2 Bd7 36. Kb3 Bc6 37. g4 Be4 38. gxf5 Bxf5 39. Bf3 Kd7 40.
Bd5 h6 41. h4 Ke7 42. Bc6 Be6 43. Be4 Bf5 44. Bc6 g5 45. fxg5 hxg5 46. hxg5 Ke6
47. Be8 Kxe5 48. Kc3 Be6 49. Bb5 Kf5 50. Kd3 Kxg5 51. Ke3 Kf5 52. Kf3 Ke5 53.
Ke3 Bf7 54. Kd3 Kf4 55. Bc6 Bg6+ 56. Kd2 Be4 57. Be8 Bb1 58. Bc6 Be4 59. Be8
Bb7 60. Kd3 Kf3 61. Bb5 Kf2 62. Kd2 Be4 63. Be8 Bb1 64. Bb5 Ba2 65. Kc2 Ke3 66.
Kb2 Bxc4 67. Bxc4 Kd4 68. Kb3 Ke5 69. Kc3 Kd6 70. Bb3 Kc6 71. Kc4 Kc7 72. Kd5
Kd7 73. Bc4 Kc7 74. Bb5 Kb7 75. Kd6 Ka8 76. Kc7 Ka7 77. Kc6 c4 78. Bxc4 Kb8 79.
Kxb6 Ka8 80. Kxa5 Ka7 81. Bd5 Kb8 82. Kb6 1-0

[Event "Deutsche Ländermeisterschaft 2016"]
[Site "Hannover GER"]
[Date "2016.10.02"]
[Round "2"]
[White "Colbow, Collin"]
[Black "Schumann, Rabea"]
[Result "1-0"]
[Termination "normal"]
[Board "9.4"]
[WhiteElo "1909"]
[BlackElo "1857"]
[WhiteTeam "Bremen & Friends"]
[BlackTeam "Mecklenburg-Vorpommern"]
[PlyCount "73"]
[WhiteFideId "16201132"]
[BlackFideId "12918199"]
[EventCountry "GER"]
[EventRounds "7"]
[EventType "team-swiss"]
[EventDate "2016.09.30"]

1. e4 c5 2. Nf3 Nc6 3. d4 cxd4 4. Nxd4 g6 5. Nc3 Bg7 6. Be3 Nf6 7. Bc4 Qa5 8.
O-O O-O 9. Nb3 Qd8 10. Be2 d6 11. f4 Bd7 12. h3 a6 13. Bf3 Rc8 14. Qe1 Qc7 15.
Rd1 b5 16. Rf2 Be6 17. Nd5 Bxd5 18. exd5 Nd8 19. Nd4 Nd7 20. Bg4 Re8 21. f5 Rb8
22. fxg6 hxg6 23. h4 Ne5 24. Bh3 e6 25. dxe6 Nxe6 26. Nxe6 fxe6 27. c3 Rbd8 28.
Qe2 Rd7 29. Rdf1 Qc4 30. Qd2 Qxh4 31. Bg5 Qc4 32. Bh6 Qc7 33. Bxg7 Rxg7 34. Qh6
Qe7 35. Rf6 Rh7 36. Bxe6+ Qxe6 37. Rf8+ 1-0

[Event "Deutsche Ländermeisterschaft 2016"]
[Site "Hannover GER"]
[Date "2016.10.02"]
[Round "2"]
[White "Focke, Adrian"]
[Black "Petri, Ben-Luca"]
[Result "1/2-1/2"]
[Termination "normal"]
[Board "9.5"]
[WhiteElo "1739"]
[BlackElo "1719"]
[WhiteTeam "Mecklenburg-Vorpommern"]
[BlackTeam "Bremen & Friends"]
[PlyCount "107"]
[WhiteFideId "12969869"]
[BlackFideId "12947261"]
[EventCountry "GER"]
[EventRounds "7"]
[EventType "team-swiss"]
[EventDate "2016.09.30"]

1. e4 e5 2. Nf3 Nc6 3. d4 exd4 4. Nxd4 Nf6 5. Nc3 Bb4 6. Nxc6 bxc6 7. Bd3 d5 8.
exd5 cxd5 9. O-O O-O 10. Bg5 c6 11. Qf3 Bd6 12. Rfe1 Rb8 13. Rab1 Be6 14. h3
Be7 15. Ne2 Qd7 16. Nd4 c5 17. Nxe6 fxe6 18. Qe3 Rb6 19. Re2 c4 20. Bf5 exf5
21. Qxe7 Qxe7 22. Rxe7 a6 23. Bxf6 Rfxf6 24. b3 cxb3 25. cxb3 Rbc6 26. Rd1 Rc2
27. Rxd5 Rxa2 28. Rdd7 g6 29. Rg7+ Kh8 30. Rxh7+ Kg8 31. Rhe7 Ra1+ 32. Kh2 Ra3
33. Rb7 a5 34. Ra7 Rxb3 35. Rxa5 Rb8 36. Raa7 Kf8 37. Kg3 Rb4 38. f4 Rb2 39.
Reb7 Rxb7 40. Rxb7 Rd6 41. Kh4 Rd2 42. g3 Rd3 43. Rb5 Kg7 44. g4 Rd4 45. Kg5
fxg4 46. hxg4 Rd6 47. Rb7+ Kg8 48. Kh6 Rf6 49. g5 Rxf4 50. Kxg6 Rf8 51. Kh6 Ra8
52. g6 Rc8 53. Rb5 Rd8 54. Rb7 1/2-1/2

[Event "Deutsche Ländermeisterschaft 2016"]
[Site "Hannover GER"]
[Date "2016.10.02"]
[Round "2"]
[White "Silber, Stefanie"]
[Black "Troyke, Jannis"]
[Result "1-0"]
[Termination "normal"]
[Board "9.6"]
[WhiteElo "1651"]
[BlackElo "1726"]
[WhiteTeam "Bremen & Friends"]
[BlackTeam "Mecklenburg-Vorpommern"]
[PlyCount "65"]
[WhiteFideId "12918245"]
[BlackFideId "12993115"]
[EventCountry "GER"]
[EventRounds "7"]
[EventType "team-swiss"]
[EventDate "2016.09.30"]

1. e4 c5 2. Nf3 d6 3. Bb5+ Bd7 4. Bxd7+ Nxd7 5. c4 Ngf6 6. Nc3 g6 7. d4 cxd4 8.
Nxd4 Bg7 9. f3 Qb6 10. Nde2 O-O 11. b3 Rfe8 12. Na4 Qa5+ 13. Bd2 Qc7 14. O-O
Nc5 15. Nac3 Rad8 16. Be3 e6 17. Rc1 Ncd7 18. Nb5 Qc6 19. Qxd6 Qxd6 20. Nxd6
Re7 21. Nxb7 Rb8 22. Nc5 Nb6 23. Rfd1 Rc8 24. Rd2 Rec7 25. Na6 Re7 26. Rcd1 Rd7
27. Nc5 Re7 28. Rd8+ Re8 29. Rxe8+ Rxe8 30. e5 Nfd7 31. Nxd7 Rd8 32. Bxb6 axb6
33. Nc3 1-0

[Event "Deutsche Ländermeisterschaft 2016"]
[Site "Hannover GER"]
[Date "2016.10.02"]
[Round "2"]
[White "Eulitz, Charlotte"]
[Black "Caliebe, Nanke"]
[Result "1/2-1/2"]
[Termination "normal"]
[Board "9.7"]
[WhiteElo "1465"]
[BlackElo "1478"]
[WhiteTeam "Mecklenburg-Vorpommern"]
[BlackTeam "Bremen & Friends"]
[PlyCount "118"]
[WhiteFideId "12964654"]
[BlackFideId "12980528"]
[EventCountry "GER"]
[EventRounds "7"]
[EventType "team-swiss"]
[EventDate "2016.09.30"]

1. e4 c5 2. Nf3 a6 3. d4 cxd4 4. Nxd4 Nf6 5. Bd3 e5 6. Nf3 Bc5 7. O-O Nc6 8.
Bg5 d6 9. c3 h6 10. Bh4 g5 11. Bg3 h5 12. h4 gxh4 13. Bxh4 Rg8 14. Kh1 Rg4 15.
Qd2 Rxh4+ 16. Nxh4 Nxe4 17. Bxe4 Qxh4+ 18. Kg1 Qxe4 19. b4 Bb6 20. Qxd6 Qg6 21.
Qxg6 fxg6 22. Nd2 Be6 23. Rfe1 Ke7 24. Nf3 Rf8 25. Rf1 Bc4 26. Rfe1 Bd5 27.
Nxe5 Bxf2+ 28. Kh1 Nxe5 29. Rxe5+ Kd6 30. Rg5 Rf6 31. Rd1 Rf5 32. Rxg6+ Ke5 33.
Rd2 h4 34. Re2+ Be4 35. Rg4 Bg3 36. Rgxe4+ Kf6 37. Kg1 Rg5 38. R2e3 Rd5 39.
Rf3+ Kg5 40. Re8 Rd2 41. Rg8+ Kh5 42. a4 Rc2 43. Rg7 Rc1+ 44. Rf1 Bh2+ 45. Kxh2
Rxf1 46. Rxb7 Rc1 47. Rc7 Kg4 48. c4 Rc2 49. Rg7+ Kf5 50. c5 Rc3 51. g3 hxg3+
52. Rxg3 Rc4 53. Rb3 Ke6 54. a5 Kd7 55. b5 axb5 56. Rxb5 Kc6 57. Rb8 Rxc5 58.
a6 Ra5 59. Ra8 Kb6 1/2-1/2

[Event "Deutsche Ländermeisterschaft 2016"]
[Site "Hannover GER"]
[Date "2016.10.02"]
[Round "2"]
[White "Bildat, Emilia"]
[Black "Wucherer, Sophie"]
[Result "0-1"]
[Termination "normal"]
[Board "9.8"]
[WhiteElo "1144"]
[BlackElo "1213"]
[WhiteTeam "Bremen & Friends"]
[BlackTeam "Mecklenburg-Vorpommern"]
[PlyCount "148"]
[WhiteFideId "16218140"]
[BlackFideId "16225473"]
[EventCountry "GER"]
[EventRounds "7"]
[EventType "team-swiss"]
[EventDate "2016.09.30"]

1. d4 Nf6 2. Bf4 b6 3. e3 Bb7 4. Nf3 e6 5. h3 Be7 6. Bd3 c5 7. c3 Nc6 8. Nbd2
d6 9. Qc2 Rc8 10. g4 h6 11. Rg1 a6 12. a4 Na7 13. h4 Nd5 14. g5 cxd4 15. gxh6
gxh6 16. c4 Nb4 17. Qb3 Nxd3+ 18. Qxd3 dxe3 19. Qxe3 h5 20. Bg5 Kd7 21. Bxe7
Qxe7 22. Qxb6 Bxf3 23. Qxa7+ Rc7 24. Qxa6 Qxh4 25. Nxf3 Qe4+ 26. Kd2 Qxf3 27.
Qb5+ Qc6 28. Qxc6+ Rxc6 29. Kd3 h4 30. b4 Rhc8 31. Rac1 d5 32. c5 Ra8 33. Ra1
e5 34. Rgc1 h3 35. b5 Rh6 36. a5 h2 37. Rh1 Rh3+ 38. Kc2 Rb8 39. c6+ Kc7 40.
Rab1 Ra3 41. a6 Ra5 42. Rxh2 Rbxb5 43. Rxb5 Rxb5 44. a7 Ra5 45. Rh7 Rxa7 46.
Rxf7+ Kb6 47. Rxa7 Kxa7 48. c7 Kb7 49. c8=Q+ Kxc8 50. Kc3 Kc7 51. Kb4 Kb6 52.
Kc3 Kc5 53. Kd3 e4+ 54. Kc3 d4+ 55. Kd2 Kc4 56. Kc2 Kd5 57. Kd2 Ke5 58. Ke2 Kf4
59. Ke1 Kf3 60. Kf1 d3 61. Ke1 d2+ 62. Kd1 Kxf2 63. Kxd2 e3+ 64. Kd3 e2 65. Kd4
e1=Q 66. Kd5 Qe3 67. Kc6 Qd4 68. Kb7 Qc4 69. Kb6 Ke3 70. Kb7 Kd4 71. Kb8 Qf7
72. Kc8 Kc5 73. Kb8 Kc6 74. Ka8 Qb7# 0-1